| 000 | 01410njm a2200277Ia 4500 | ||
|---|---|---|---|
| 001 | E1222 | ||
| 003 | IT-RoPAU | ||
| 005 | 20220918181152.0 | ||
| 008 | 131025s9999 xx 000 0 und d | ||
| 040 | _aIT-RoPAU | ||
| 040 | _cIT-RoPAU | ||
| 999 |
_c102256 _d102256 |
||
| 999 | _bn.d. | ||
| 100 |
_aHaydn Franz Joseph _931335 |
||
| 100 |
_eAutore musica _931336 |
||
| 100 |
_gCodice autore musica SPICS: 5572 _931337 |
||
| 245 | _aString Quartet op.76, op.77 e op.103 | ||
| 250 | _a1a ed. | ||
| 260 | _aLONDON | ||
| 260 |
_bDECCA RECORD COMPANY _c1974 [1a Ed.:1974 - Ed. Lingua Orig.: 1799] |
||
| 300 | _aDISCO | ||
| 500 | _aMusica classica. | ||
| 505 | _aString Quartet in g major op. 76 n. 1 (Quartetto per archi in sol mag) - String Quartet in d minor op. 76 n. 2 (Quartetto per archi in re min) - String Quartet in c major op. 76 n. 3 (Quartetto per archi in do min) - String Quartet in b flat major op. 76 n. 4 (Quartetto in si bem mag) - String Quartet in d major op. 76 n. 5 (Quartetto per archi in re mag) - String Quartet in b flat major op. 103 (Quartetto in si bem mag) - String Quartet in e flat major op. 76 n. 6 (Quartetto in mi bem mag) - String Quartet in g major op. 77 n. 1 (Quartetto per archi in sol mag) - String Quartet in f major op. 77 n. 2 (Quartetto per archi in fa mag). | ||
| 511 | _aAeolian String Quartet | ||
| 650 |
_aCLASSICA [DISCHI] _eCodice MATERIA SPICS: 9950 _91157 |
||
| 942 |
_cMD _2ddc |
||